Statistics for The top 5 from every Statistical category!(2021)

Click here to take the quiz!

General Stats

  • This quiz has been taken 12 times
  • The average score is 12 of 25

Answer Stats

RKHintAnswer% Correct
132.0Stephen Curry
100%
111.7Russell Westbrook
90%
38.9Chris Paul
80%
12.7Rudy Gobert
80%
213.5Rudy Gobert
80%
231.3Bradley Beal
70%
328.8Damian Lillard
70%
528.1Giannis Antetokounmpo
70%
428.5Joel Embiid
70%
58.6Luka Dončić
70%
29.4Trae Young
60%
412.0Domantas Sabonis
50%
38.9Draymond Green
50%
31.7Draymond Green
50%
12.1Jimmy Butler
40%
312.5Jonas Valanciunas
40%
511.7Nikola Vučević
40%
51.6Jrue Holiday
30%
114.3Clint Capela
20%
32.0Clint Capela
20%
31.7Fred VanVleet
20%
41.9Chris Boucher
0%
51.8Jakob Poeltl
0%
22.2Nerlens Noel
0%
21.9T.J McConnell
0%

Score Distribution

Percentile by Number Answered

Percent of People with Each Score

Your Score History

You have not taken this quiz